AK’s General Knowledge A-Z #72 - Statistics

General Stats
  • This quiz has been taken 301 times
  • The average score is 16 of 26
Answer Stats
Hint Answer % Correct
F – English band Pink _____ (“Another Brick in the Wall”) Floyd
93%
O – “___ _________ had a farm, E-I-E-I-O!” Old MacDonald
90%
J – reality TV drama _____ Judy, or John Grisham’s 2021 novel The _____'s List Judge
86%
Z – an African equine with a striped coat Zebra
83%
D – a motorist, or “Han Solo’s son” Adam Driver
82%
E – a score of two under par in golf Eagle
80%
K – the world’s highest free-standing mountain Kilimanjaro
79%
R – relative speed of change or progress, or what IMDB users do to films Rate
76%
A – to call to arms, or what people used to have as a separate device on their nightstand Alarm
75%
V – submicroscopic structure that requires a living host cell to replicate, or a computer program that replicates itself Virus
75%
C – in the 19th century, Russian America spanned over three current U.S. states: Alaska, Hawaii and _______ California
73%
I – not AC Milan, but what can be done to a corpse Inter
70%
W – meaning of the word Roulette is “little _____”, or what can be done to a stroller Wheel
70%
S – Jon in Game of Thrones (a form of H20) Snow
68%
L – no such thing as a free _____ Lunch
67%
T – city where Imam Khomeini International Airport is Tehran
67%
B – this country’s flag has a red disc on top of a dark green banner Bangladesh
66%
G – country whose capital and largest city is Georgetown Guyana
65%
P – a cushion, or Sei Shōnagon’s The ______ Book from year 1002 Pillow
57%
H – follows cross, precedes style Hair
44%
Q – a country code, or acronym for a process to measure and assure the level of excellence of a product QA
42%
U – 1995 movie with a police lineup, Keyser Söze, and a disappearing limp The Usual Suspects
40%
Y – de jure capital of Côte d'Ivoire Yamoussoukro
27%
M – hip hop group Bomfunk __’s with 1999 hit “Freestyler” MC
26%
N – madhouse in Italian, or William Gibson's science fiction novel (and later a combat video game) _____mancer Neuro
12%
X – ξίφος; a double-edged, one-handed Iron Age straight shortsword used by the ancient Greeks Xiphos
10%
No matching quizzes found
Score Distribution
Percent of People with Each Score
Percentile by Number Answered
Your Score History
You have not taken this quiz